LEADER 00950nam a2200253 i 4500 001 000000128478 003 CaOOAMICUS 005 20240724170318.0 008 040726s1966 it u000 u ita u 013 $a101205 040 $aSeMil$bita 100 1 $aLin, Yutang <1895-1976>.$0(OLS)http://semarc/name/34176 240 10$aLady Wu.$0(OLS)http://semarc/title/189899 245 10$aMadame Wu :$bromanzo /$cLin Yutang. 260 $aMilano :$bGarzanti,$c1966. 300 $a247 p. ;$c18 cm. 490 0 $aGarzanti per tutti. Romanzi e realtà ;$v42 830 0$aGarzanti per tutti. Romanzi e realtà ;$v42.$0(OLS)http://semarc/title/7181 850 $aSeMil 852 $aSeMil$W1$xVenegono$y1$m60 60 42 *$j82702$B82702$CSeMilBibl$Z2$F85064 $81 961 $aRecupero: Deposito 996 $6245$aMadame Wu :$bromanzo$9(OLS)http://semarc/title/189898 996 $6260$aMilano :$bGarzanti$9(OLS)http://semarc/publisher/29852 LEADER 01233nam a2200289 i 4500 001 000000246915 003 CaOOAMICUS 005 20151201000000.0 008 151201s2000 it u000 u ita u 013 $a225820 020 $a88-7284-893-8 040 $aSeMil$bita 100 1 $aStancari, Pino,$c.$0(OLS)http://semarc/name/25238 245 13$aIl libro di Tobia :$blettura spirituale /$cPino Stancari. 260 $aSoveria Mannelli (CZ) :$bRubbettino,$c2000. 300 $a93 p. ;$c21 cm. 490 0 $aLetture bibliche e altre cose ;$v1 490 0 $aIl colibrì 650 4$aBibbia. Antico Testamento. Tobia - Commentari, studi, critica, interpretazioni.$0(OLS)http://semarc/subject/5109 830 0$aLetture bibliche e altre cose ;$v1.$0(OLS)http://semarc/title/10118 830 3$aIl colibrì.$0(OLS)http://semarc/title/10119 850 $aSeMil 852 $aSeMil$W1$xVenegono$y1$m2V III 277$j197261$B197261$CSeMilBibl$Z2$F208987 $81 961 $aOmaggio: Altro 996 $6020$a88-7284-893-8$9(OLS)http://semarc/number/255993 996 $6245$aIl libro di Tobia :$blettura spirituale$9(OLS)http://semarc/title/348787 996 $6260$aSoveria Mannelli (CZ) :$bRubbettino$9(OLS)http://semarc/publisher/32068